| 000 | 004200000a22001690004500 | ||
|---|---|---|---|
| 003 | MACL | ||
| 005 | 20160107120416.0 | ||
| 008 | 160107b xxu||||| |||| 00| 0 eng d | ||
| 040 |
_aMACL _cMACL |
||
| 041 | _aEnglish | ||
| 082 | _a821/POP | ||
| 100 |
_aPope, Alexander _929144 |
||
| 245 | _aThe Rape of the Lock | ||
| 260 |
_bYale University Press _c1954 _aLondon |
||
| 650 |
_aPoetry _929145 |
||
| 942 |
_cBK _k821/Pop _2ddc |
||
| 999 |
_c35019 _d35019 |
||